[Event "Elit(Kungstornet-Limhamn)"]
[Site "?"]
[Date "2022.05.14"]
[Round "8"]
[White "Lyrberg, Patrik"]
[Black "Brynell, Stellan"]
[Result "1-0"]
[WhiteElo "2462"]
[BlackElo "2409"]
[PlyCount "77"]

1. Nf3 d5 2. d4 Nf6 3. Bf4 c5 4. e3 Nc6 5. dxc5 e6 6. Nbd2 Bxc5 7. c4 O-O 8. a3
b6 9. b4 Bd6 10. Bg5 Be7 11. Bd3 Bb7 12. O-O dxc4 13. Bxc4 Nd5 14. Bxe7 Ncxe7
15. Qb3 Ng6 16. Rac1 Qe7 17. Rc2 Rfd8 18. Rfc1 Nh4 19. Bb5 Nxf3+ 20. Nxf3 Qf6
21. Bc6 Bxc6 22. Rxc6 h6 23. h3 b5 24. Nd4 a6 25. Qb1 g6 26. Qe4 Ne7 27. R6c5
Rd5 28. Rxd5 Nxd5 29. Rc6 Kg7 30. g4 Ra7 31. Kg2 h5 32. Nf3 hxg4 33. hxg4 Ra8
34. Rd6 a5 35. bxa5 Rxa5 36. g5 Qf5 37. Qd4+ f6 38. Rd7+ Kg8 39. Qh4 1-0

[Event "Elit(Team Pelaro Alingsas-LASK)"]
[Site "?"]
[Date "2022.05.14"]
[Round "8"]
[White "Berg, Emanuel"]
[Black "Smith, Axel"]
[Result "1-0"]
[WhiteElo "532"]
[BlackElo "2437"]
[PlyCount "153"]

1. e4 e5 2. Nf3 Nc6 3. Nc3 Nf6 4. d4 exd4 5. Nxd4 Bb4 6. Nxc6 bxc6 7. Bd3 d5 8.
exd5 cxd5 9. O-O O-O 10. Bg5 c6 11. Na4 Bd6 12. c4 h6 13. Bh4 Be6 14. cxd5 cxd5
15. Rc1 Bf4 16. Rc2 Rc8 17. Re1 g5 18. Bg3 Bxg3 19. hxg3 Qd6 20. b3 Bd7 21. Nc3
Rfe8 22. Rxe8+ Rxe8 23. Qd2 Rc8 24. Ne2 Rxc2 25. Bxc2 Ng4 26. Nd4 Ne5 27. b4
Nc6 28. Nxc6 Qxc6 29. Bb3 Be6 30. Qd4 a6 31. Kh2 h5 32. Qe5 g4 33. Qd4 Qc7 34.
a4 h4 35. b5 axb5 36. axb5 hxg3+ 37. fxg3 Qc1 38. b6 Qh6+ 39. Kg1 Qc1+ 40. Kf2
Qb1 41. Bd1 Bc8 42. Be2 Qa2 43. Qe5 Qb1 44. Qg5+ Kh7 45. Qf6 Kg8 46. Qd4 Qa2
47. Qe5 Qb1 48. Qc7 Qf5+ 49. Kg1 Qb1+ 50. Kf2 Qf5+ 51. Qf4 Qb1 52. Qf6 Be6 53.
Qd8+ Kg7 54. Qc7 Bc8 55. Qc3+ f6 56. Qc7+ Kg6 57. Qxc8 Qxb6+ 58. Ke1 Qb4+ 59.
Kd1 Qd4+ 60. Kc2 Qa4+ 61. Kd2 Qd4+ 62. Bd3+ Kf7 63. Qc7+ Ke8 64. Qf4 Qb2+ 65.
Bc2 d4 66. Qe4+ Kd8 67. Qd5+ Kc7 68. Qc5+ Kb7 69. Kd3 Qc1 70. Qxd4 Qf1+ 71. Kc3
Qe1+ 72. Kc4 Qxg3 73. Be4+ Kc7 74. Qxf6 Qe3 75. Qe7+ Kb6 76. Qb7+ Ka5 77. Qb5#
1-0

[Event "Elit(Eksjo-Team Pelaro Alingsas)"]
[Site "?"]
[Date "2022.05.13"]
[Round "7"]
[White "Agrest, Inna"]
[Black "Vernersson, Per"]
[Result "0-1"]
[WhiteElo "238"]
[BlackElo "2253"]
[PlyCount "82"]

1. e4 c6 2. d4 d5 3. f3 e6 4. Nc3 Nf6 5. Be3 Bb4 6. e5 Nfd7 7. f4 Be7 8. Qg4 g6
9. O-O-O b5 10. Kb1 b4 11. Nce2 a5 12. h4 h5 13. Qg3 a4 14. f5 exf5 15. e6 Nf6
16. exf7+ Kxf7 17. Nf3 Rg8 18. Ne5+ Ke8 19. Nf4 Ne4 20. Qf3 Qd6 21. Bd3 Nd7 22.
Nxh5 Nxe5 23. dxe5 Qxe5 24. Bf4 Qh8 25. Ng3 a3 26. Bc1 axb2 27. Bxb2 Nc3+ 28.
Bxc3 Qxc3 29. Be2 Bf6 30. Qxc3 Bxc3 31. Bf3 Rg7 32. Ne2 Be6 33. h5 g5 34. h6
Rh7 35. Bh5+ Ke7 36. Nxc3 bxc3 37. Bg6 Rhh8 38. Rh3 Kf6 39. Re1 d4 40. Bh5
Bxa2+ 41. Kc1 Bc4 0-1

[Event "Elit(Stockholms SS-Wasa)"]
[Site "?"]
[Date "2022.05.13"]
[Round "7"]
[White "Wessman, Richard"]
[Black "Hauge, Lars Oskar"]
[Result "0-1"]
[WhiteElo "2422"]
[BlackElo "2513"]
[PlyCount "56"]

1. b3 e5 2. Bb2 Nc6 3. e3 d5 4. Bb5 Bd6 5. Nf3 Qe7 6. c4 a6 7. Bxc6+ bxc6 8. c5
Bxc5 9. Nxe5 Bd6 10. f4 Qh4+ 11. g3 Qh3 12. Qf3 Ne7 13. Nc3 O-O 14. Nd1 c5 15.
Nf2 Qe6 16. O-O f6 17. Ned3 Rb8 18. Ba3 c4 19. Nc5 Qf7 20. bxc4 dxc4 21. Rab1
Rxb1 22. Rxb1 c3 23. Rb3 c2 24. Nfd3 Rd8 25. Qf1 Qh5 26. Rc3 Bh3 27. Qe1 Qf3
28. Qf2 Qd1+ 0-1

[Event "Elit(LASK-Rockaden, Stockholm)"]
[Site "?"]
[Date "2022.05.13"]
[Round "7"]
[White "Hammer, Jon Ludvig"]
[Black "Tikkanen, Hans"]
[Result "1-0"]
[WhiteElo "2613"]
[BlackElo "2499"]
[PlyCount "55"]

1. e4 c6 2. Nf3 d5 3. d3 g6 4. exd5 cxd5 5. d4 Nc6 6. c3 Nf6 7. Bd3 Bf5 8. Bxf5
gxf5 9. Bf4 e6 10. Bg5 Be7 11. Bxf6 Bxf6 12. a4 Qc7 13. O-O Qf4 14. a5 a6 15.
b4 Rc8 16. Na3 Rg8 17. Kh1 h5 18. Rc1 Be7 19. Nc2 h4 20. h3 Bd6 21. Nce1 Nxb4
22. Rb1 Nc6 23. Nd3 Qh6 24. Rxb7 f4 25. Rg1 Qh7 26. Rb6 Kd7 27. Qb1 Ke7 28.
Rxc6 1-0

[Event "Elit(Eksjo-Team Pelaro Alingsas)"]
[Site "?"]
[Date "2022.05.13"]
[Round "7"]
[White "Krantz, Christopher"]
[Black "Wengholm, Anders"]
[Result "0-1"]
[WhiteElo "2245"]
[BlackElo "2216"]
[PlyCount "104"]

1. d4 d6 2. e4 Nf6 3. Nc3 g6 4. g3 Bg7 5. Bg2 O-O 6. Nge2 e5 7. O-O c6 8. h3 b5
9. a3 a6 10. Be3 Nbd7 11. f4 exd4 12. Bxd4 Bb7 13. Qd2 Re8 14. Bf2 Nb6 15. Rad1
Nc4 16. Qc1 Qc7 17. b3 Nb6 18. Rfe1 c5 19. Qd2 Rad8 20. Qd3 Bc6 21. Nd5 Nbxd5
22. exd5 Bd7 23. Kh2 Qa5 24. g4 h5 25. g5 Bf5 26. Qd2 Qxd2 27. Rxd2 Ne4 28.
Bxe4 Rxe4 29. Ng3 Rxe1 30. Bxe1 Re8 31. Nxf5 gxf5 32. Bg3 Re4 33. Kg1 Bb2 34.
c4 Bxa3 35. Ra2 b4 36. Kf2 a5 37. Ra1 Kf8 38. Kf3 Ke7 39. Bf2 Kd7 40. Be3 a4
41. bxa4 Rxc4 42. Ke2 b3 43. a5 b2 44. Rb1 Rc1 45. a6 Rxb1 46. a7 Re1+ 47. Kf2
b1=Q 48. a8=Q Rf1+ 49. Kg2 Qb5 50. Qxa3 Qe2+ 51. Kg3 Rf3+ 52. Kh4 Qe1+ 0-1

[Event "Elit(Stockholms SS-Wasa)"]
[Site "?"]
[Date "2022.05.13"]
[Round "7"]
[White "Olund, Joar"]
[Black "Meshkovs, Nikita"]
[Result "1-0"]
[WhiteElo "2349"]
[BlackElo "2561"]
[PlyCount "121"]

1. d4 Nf6 2. Bg5 d5 3. e3 Ne4 4. Bf4 Nd7 5. Nf3 e6 6. h4 c5 7. c3 Qb6 8. Qb3
Bd6 9. Bd3 Bxf4 10. Qxb6 Nxb6 11. exf4 Ke7 12. Nbd2 cxd4 13. Nxd4 Nc5 14. Bc2
Bd7 15. O-O-O a5 16. Rhe1 Kd6 17. c4 Kc7 18. cxd5 Nxd5 19. g3 Nb4 20. Kb1 Nxc2
21. Kxc2 Rhd8 22. Nc4 f6 23. Kb1 Be8 24. g4 b5 25. Na3 Kb6 26. Nxe6 Rxd1+ 27.
Rxd1 Nxe6 28. Rd6+ Kc5 29. Rxe6 Bd7 30. Re7 Bxg4 31. Rxg7 Bf5+ 32. Kc1 Rc8 33.
Kd1 Kb6 34. Rf7 Rc6 35. Rf8 Rd6+ 36. Ke1 Bd3 37. Rb8+ Kc5 38. Rc8+ Kd4 39. Nc2+
Ke4 40. Ne3 Kxf4 41. a4 bxa4 42. Rc5 Kf3 43. Rxa5 Rd4 44. Rd5 Ke4 45. Rxd4+
Kxd4 46. Kd2 Bg6 47. Nd1 Be8 48. Nc3 Bd7 49. Ne2+ Kc4 50. Ng3 Bg4 51. Ne4 f5
52. Ng5 h5 53. f3 Kd4 54. fxg4 fxg4 55. Ke2 g3 56. Kf3 Kd3 57. Ne6 Kc4 58. Kxg3
Kd5 59. Nf4+ Kc4 60. Ne2 Kb3 61. Nc3 1-0

[Event "Elit(LASK-Rockaden, Stockholm)"]
[Site "?"]
[Date "2022.05.13"]
[Round "7"]
[White "Smith, Axel"]
[Black "Barkhagen, Jonas"]
[Result "1-0"]
[WhiteElo "2437"]
[BlackElo "2439"]
[PlyCount "117"]

1. e4 c5 2. Nc3 Nc6 3. Bb5 g6 4. Bxc6 bxc6 5. f4 c4 6. b3 Ba6 7. bxc4 Bxc4 8.
d3 Bg7 9. Bd2 Be6 10. Nf3 d6 11. O-O Nf6 12. e5 dxe5 13. fxe5 Ng4 14. d4 c5 15.
Bf4 cxd4 16. Nxd4 Bc4 17. Re1 Qd7 18. Nb3 Qxd1 19. Raxd1 g5 20. Bg3 h5 21. h3
h4 22. hxg4 hxg3 23. Nd4 O-O-O 24. Nf5 Rxd1 25. Nxd1 Bf8 26. Nxg3 e6 27. Ne4
Bxa2 28. Ne3 Kb8 29. c4 Ka8 30. Ra1 Bb3 31. Kf2 Be7 32. Nd6 Rb8 33. c5 f6 34.
c6 fxe5 35. c7 Bxd6 36. cxb8=Q+ Bxb8 37. Kf3 Bc7 38. Ra3 Bd5+ 39. Nxd5 exd5 40.
Rc3 Kb7 41. Rc5 e4+ 42. Ke2 d4 43. Rd5 Kc6 44. Rxd4 a5 45. Rc4+ Kb6 46. Rxe4
Kb5 47. Kd3 a4 48. Re7 Bd6 49. Rg7 Bf4 50. g3 Bc1 51. Rc7 Ba3 52. Rb7+ Kc6 53.
Rg7 Bc1 54. Kc4 Kd6 55. Ra7 Ke5 56. Rxa4 Ke4 57. Kc5+ Kf3 58. Kd5 Kxg3 59. Ke5
1-0

[Event "Elit(Eksjo-Team Pelaro Alingsas)"]
[Site "?"]
[Date "2022.05.13"]
[Round "7"]
[White "Rasti, Arvin"]
[Black "Malesevic, Nedeljko"]
[Result "0-1"]
[WhiteElo "2157"]
[BlackElo "2234"]
[PlyCount "68"]

1. e4 c6 2. d4 d5 3. e5 c5 4. dxc5 e6 5. Nf3 Bxc5 6. Bd3 Ne7 7. O-O a6 8. a3
Nd7 9. Qe2 Qc7 10. b4 Ba7 11. Bb2 Nc6 12. Nbd2 b5 13. Nb3 h6 14. Nbd4 Nxd4 15.
Nxd4 Qxe5 16. Qxe5 Nxe5 17. Nxe6 Nf3+ 18. gxf3 fxe6 19. a4 bxa4 20. Rxa4 O-O
21. Kg2 Bb7 22. Re1 Kf7 23. Rea1 Rac8 24. b5 a5 25. Rf4+ Kg8 26. Rxf8+ Rxf8 27.
Rxa5 Bb6 28. Ra4 d4 29. Be2 e5 30. Ba3 Rf4 31. Bd6 d3 32. Rxf4 dxe2 33. Rf8+
Kh7 34. Bb4 Bc5 0-1

[Event "Elit(Stockholms SS-Wasa)"]
[Site "?"]
[Date "2022.05.13"]
[Round "7"]
[White "Moreau, Teodor"]
[Black "Cederstam, Carl"]
[Result "1-0"]
[WhiteElo "2329"]
[BlackElo "2368"]
[PlyCount "89"]

1. d4 Nf6 2. Nf3 d5 3. c4 e6 4. Nc3 Be7 5. Bg5 Nbd7 6. e3 h6 7. Bh4 O-O 8. Qc2
c5 9. cxd5 Nxd5 10. Bxe7 Nxe7 11. Bb5 cxd4 12. Nxd4 a6 13. Be2 Qc7 14. O-O Nf6
15. Rac1 e5 16. Nf3 b5 17. Nd5 Nfxd5 18. Qxc7 Nxc7 19. Rxc7 Re8 20. Nxe5 Nd5
21. Rc5 Rxe5 22. Bf3 Be6 23. Rd1 Nxe3 24. Rxe5 Nxd1 25. Bxa8 Nxb2 26. Re2 Na4
27. a3 Nb6 28. Bb7 a5 29. Re5 Bd7 30. Bd5 Kf8 31. Bb3 a4 32. Ba2 f6 33. Re3 Be8
34. Re6 Nd7 35. Ra6 Nc5 36. Ra7 Ne4 37. Rc7 Nd2 38. f3 Bg6 39. Kf2 Nb3 40. Ke3
h5 41. h4 Bf5 42. Rb7 Na1 43. Rxb5 Nc2+ 44. Kd2 g6 45. Rxf5 1-0

[Event "Elit(LASK-Rockaden, Stockholm)"]
[Site "?"]
[Date "2022.05.13"]
[Round "7"]
[White "Seo, Jung Min"]
[Black "Mauritsson, Sebastian"]
[Result "1-0"]
[WhiteElo "2466"]
[BlackElo "2390"]
[PlyCount "79"]

1. d4 d5 2. c4 c6 3. Nf3 Nf6 4. e3 Bg4 5. h3 Bh5 6. Nc3 e6 7. g4 Bg6 8. Ne5
Nbd7 9. Nxg6 hxg6 10. g5 Ne4 11. Nxe4 dxe4 12. h4 Qa5+ 13. Bd2 Bb4 14. a3 Bxd2+
15. Qxd2 Qxd2+ 16. Kxd2 f5 17. Be2 Ke7 18. b4 Rad8 19. Kc3 e5 20. Rad1 exd4+
21. exd4 Nf8 22. f3 e3 23. Kd3 f4 24. Ke4 Ne6 25. d5 cxd5+ 26. cxd5 Nc7 27. Rc1
Kd6 28. Kxf4 Nxd5+ 29. Kg3 Rc8 30. f4 Nc3 31. Bd3 Kd5 32. Kf3 Kd4 33. Bxg6 Rc6
34. h5 e2 35. f5 Ra6 36. Rh4+ Ke5 37. Rxc3 e1=Q 38. Rc5+ Kd6 39. Rd4+ Ke7 40.
Rc7+ 1-0

[Event "Elit(Eksjo-Team Pelaro Alingsas)"]
[Site "?"]
[Date "2022.05.13"]
[Round "7"]
[White "Rothen, Hakan"]
[Black "Bjorklund, Thomas"]
[Result "1-0"]
[WhiteElo "2247"]
[BlackElo "2168"]
[PlyCount "89"]

1. d4 d5 2. Nf3 Nf6 3. e3 Bf5 4. Bd3 Bg6 5. O-O e6 6. c4 Nbd7 7. Nc3 Be7 8. Re1
O-O 9. Bxg6 hxg6 10. e4 Nxe4 11. Nxe4 dxe4 12. Rxe4 Nf6 13. Re3 c5 14. Rd3 cxd4
15. Rxd4 Qb6 16. Qe2 Rad8 17. Be3 Bc5 18. Rxd8 Rxd8 19. Bxc5 Qxc5 20. Rd1 Rd6
21. Rxd6 Qxd6 22. Qd2 Qxd2 23. Nxd2 Kf8 24. Kf1 Ke7 25. Ke2 Kd6 26. Kd3 Nd7 27.
Ne4+ Ke7 28. f4 b6 29. b4 f6 30. Kd4 e5+ 31. fxe5 Nxe5 32. b5 Kd7 33. c5 bxc5+
34. Nxc5+ Kd6 35. a4 g5 36. a5 g4 37. Ne4+ Kc7 38. Kd5 Nd3 39. g3 f5 40. Ng5 g6
41. Ne6+ Kb7 42. Nf4 Nb4+ 43. Kc5 Nc2 44. Nxg6 Ne3 45. Nh4 1-0

[Event "Elit(Stockholms SS-Wasa)"]
[Site "?"]
[Date "2022.05.13"]
[Round "7"]
[White "Ertan, Can"]
[Black "Wedberg, Tom"]
[Result "0-1"]
[WhiteElo "2382"]
[BlackElo "2406"]
[PlyCount "162"]

1. e4 e5 2. Nf3 Nc6 3. Bb5 a6 4. Ba4 g6 5. c3 d6 6. d4 Bd7 7. Bg5 f6 8. Be3 Nh6
9. Nbd2 Bg7 10. dxe5 Nxe5 11. O-O Nhf7 12. Bb3 O-O 13. h3 Qe7 14. Nd4 c5 15.
Ne2 Kh8 16. Nf4 f5 17. Nd5 Qd8 18. f4 Nc6 19. Nc4 b5 20. Ncb6 Rb8 21. Nxd7 Qxd7
22. exf5 gxf5 23. Qh5 Nh6 24. Rad1 Rbe8 25. Bf2 Na5 26. Bc2 Nc4 27. b3 Na3 28.
Bd3 c4 29. Be2 a5 30. Bf3 Ng8 31. Rfe1 Rxe1+ 32. Rxe1 Nf6 33. Nb6 Qf7 34. Qxf5
cxb3 35. axb3 Qxb3 36. Re7 Qb1+ 37. Qxb1 Nxb1 38. Bd4 Nd2 39. Be2 Nb3 40. Be3
b4 41. Bc4 Nc5 42. cxb4 axb4 43. Bd4 Nh5 44. Bxg7+ Nxg7 45. Nd5 b3 46. g4 b2
47. Re1 Ra8 48. Nc3 Ra3 49. Nb1 Ra4 50. Nd2 d5 51. Bxd5 Rd4 52. Nc4 Nd3 53. Rd1
Rxd5 54. Nxb2 Nxf4 55. Rxd5 Nxd5 56. Kf2 Kg8 57. Nc4 Kf7 58. Nd6+ Ke7 59. Ne4
Ne6 60. g5 Kf7 61. Kg3 Kg6 62. Kg4 Nxg5 63. Nf2 Nf7 64. Kg3 Kf5 65. Kh4 Nf6 66.
Nd3 Ne5 67. Nc1 h6 68. Ne2 Ke4 69. Kg3 Ke3 70. Nc1 Ke4 71. Ne2 Ng6 72. Nc3+ Kf5
73. Ne2 Ne4+ 74. Kh2 Nh4 75. Nd4+ Kf4 76. Ne6+ Kf3 77. Nd4+ Kf2 78. Kh1 Nf3 79.
Nf5 Ng3+ 80. Nxg3 Kxg3 81. h4 Nxh4 0-1

[Event "Elit(LASK-Rockaden, Stockholm)"]
[Site "?"]
[Date "2022.05.13"]
[Round "7"]
[White "Ahlander, Bjorn"]
[Black "Hedman, Erik"]
[Result "1-0"]
[WhiteElo "2354"]
[BlackElo "2368"]
[PlyCount "73"]

1. d4 Nf6 2. c4 g6 3. Nc3 Bg7 4. e4 d6 5. Nf3 O-O 6. Be2 e5 7. O-O Nc6 8. d5
Ne7 9. Ne1 Nd7 10. Nd3 f5 11. f3 f4 12. b4 g5 13. a4 Nf6 14. a5 h5 15. Nf2 Bh6
16. c5 Rf7 17. h3 Rg7 18. Ra3 Kh7 19. a6 b6 20. Nb5 g4 21. fxg4 hxg4 22. hxg4
Bg5 23. Qc2 Bh4 24. cxd6 cxd6 25. Nc7 Bxf2+ 26. Rxf2 Rb8 27. Bxf4 exf4 28. e5+
Ng6 29. exf6 Qxf6 30. Ne8 Qe7 31. Rh3+ Kg8 32. Nxg7 Qxg7 33. Bd3 Qa1+ 34. Kh2
Ne5 35. Be2 Qd4 36. Qh7+ Kf8 37. Qh8+ 1-0

[Event "Elit(Eksjo-Team Pelaro Alingsas)"]
[Site "?"]
[Date "2022.05.13"]
[Round "7"]
[White "Karle, Max"]
[Black "Thornert, Hakan"]
[Result "0-1"]
[WhiteElo "2062"]
[BlackElo "2174"]
[PlyCount "88"]

1. d4 Nf6 2. c4 g6 3. Nc3 d5 4. Nf3 Bg7 5. Bg5 Ne4 6. cxd5 Nxg5 7. Nxg5 e6 8.
Nf3 exd5 9. e3 O-O 10. Be2 Re8 11. O-O a5 12. Rc1 c6 13. Na4 Nd7 14. Ne1 Nf6
15. Qb3 Ne4 16. Rc2 Bf5 17. Nd3 b5 18. Nac5 a4 19. Qb4 Bf8 20. Rcc1 Qg5 21. Bf3
Qh4 22. Qe1 Bd6 23. g3 Qe7 24. Bg2 h5 25. Nxe4 dxe4 26. Nc5 h4 27. h3 g5 28. g4
Bg6 29. Qd2 Bc7 30. f3 exf3 31. Rxf3 Bd6 32. Qf2 Rad8 33. Kh1 Bg3 34. Qe2 Rxd4
35. Qf1 Rd2 36. e4 Rxb2 37. a3 Rd8 38. Rd3 Rxd3 39. Qxd3 Bd6 40. Qc3 Be5 41.
Qa5 Bc7 42. Qa8+ Kh7 43. Qxc6 Qe5 44. Nd3 Qh2# 0-1

[Event "Elit(Stockholms SS-Wasa)"]
[Site "?"]
[Date "2022.05.13"]
[Round "7"]
[White "Grandell, Anders"]
[Black "Renman, Nils-Gustaf"]
[Result "1/2-1/2"]
[WhiteElo "2283"]
[BlackElo "2301"]
[PlyCount "75"]

1. d4 d5 2. c4 c6 3. Nc3 Nf6 4. Nf3 e6 5. Bg5 h6 6. Bh4 dxc4 7. e4 g5 8. Bg3 b5
9. Be2 Nbd7 10. O-O Bb7 11. h4 b4 12. Na4 Nxe4 13. Bxc4 Nxg3 14. fxg3 Qc7 15.
Qe2 O-O-O 16. Rac1 Kb8 17. Ba6 Bd6 18. Nd2 Nb6 19. Bxb7 Qxb7 20. Nc5 Bxc5 21.
dxc5 Nd5 22. Nc4 f6 23. Nd6 Rxd6 24. cxd6 Qd7 25. Qc4 Kb7 26. Qc5 Rd8 27. Rcd1
f5 28. a3 Qxd6 29. axb4 Qxg3 30. b5 Rc8 31. bxc6+ Rxc6 32. Qb5+ Rb6 33. Qd7+
Qc7 34. Rxd5 exd5 35. Qxd5+ Qc6 36. Qxc6+ Kxc6 37. hxg5 hxg5 38. Rxf5 1/2-1/2

[Event "Elit(LASK-Rockaden, Stockholm)"]
[Site "?"]
[Date "2022.05.13"]
[Round "7"]
[White "Trost, Edvin"]
[Black "Dragicevic, Drazen"]
[Result "1/2-1/2"]
[WhiteElo "2245"]
[BlackElo "2365"]
[PlyCount "79"]

1. d4 d5 2. c4 e6 3. Nf3 a6 4. Bg5 Be7 5. Bxe7 Nxe7 6. Nbd2 O-O 7. g3 Nd7 8.
Bg2 c5 9. Rc1 cxd4 10. Nxd4 e5 11. Nc2 Nf6 12. cxd5 Nexd5 13. O-O Qe7 14. Nc4
Rd8 15. Qe1 Bg4 16. N2e3 Be6 17. Qa5 Rac8 18. Rcd1 Nxe3 19. Nxe3 e4 20. Qe5
Rxd1 21. Rxd1 Qb4 22. a3 Qb3 23. Rd4 h6 24. Rb4 Rc1+ 25. Bf1 Qxe3 26. fxe3 Bh3
27. Qb8+ Kh7 28. Qf4 Nd5 29. Rc4 Rxc4 30. Qh4 Bxf1 31. Kxf1 Nxe3+ 32. Kf2 Ng4+
33. Kg2 Nf6 34. Qf4 Rc2 35. Kh3 Rxe2 36. Qf5+ Kg8 37. Qc8+ Kh7 38. Qf5+ Kg8 39.
Qc8+ Kh7 40. Qf5+ 1/2-1/2

[Event "Elit(Eksjo-Team Pelaro Alingsas)"]
[Site "?"]
[Date "2022.05.13"]
[Round "7"]
[White "Rajcevski, Dejan"]
[Black "Nowen, Linus"]
[Result "1-0"]
[WhiteElo "2025"]
[BlackElo "1599"]
[PlyCount "91"]

1. d4 d6 2. Bf4 Nf6 3. e3 e6 4. Nf3 Be7 5. h3 O-O 6. Bd3 a6 7. a4 c5 8. c3 b6
9. O-O Bb7 10. Nbd2 Nc6 11. Qe2 Qd7 12. Rad1 Rfb8 13. Rfe1 h6 14. Nc4 Nd5 15.
Bh2 b5 16. axb5 axb5 17. Na3 c4 18. Bb1 Na5 19. e4 Nf6 20. e5 dxe5 21. dxe5 Nd5
22. Nc2 Rd8 23. Ne3 Nb3 24. Qc2 g6 25. Ng4 Kg7 26. h4 h5 27. Nf6 Bxf6 28. exf6+
Kxf6 29. Ne5 Qe8 30. Nxg6 fxg6 31. Rxe6+ Kxe6 32. Re1+ Kd7 33. Rxe8 Rxe8 34.
Bg3 Ra1 35. Qxg6 Re6 36. Qh7+ Ne7 37. Kh2 Kc6 38. Be4+ Kb6 39. Bxb7 Ree1 40.
Bd6 Kxb7 41. Bxe7 Kc6 42. Qg6+ Kd7 43. Qd6+ Ke8 44. Bg5 Nc1 45. Qc6+ Kf8 46.
Qh6+ 1-0

[Event "Elit(Stockholms SS-Wasa)"]
[Site "?"]
[Date "2022.05.13"]
[Round "7"]
[White "Thorn, Eric"]
[Black "Bellon Lopez, Juan Manuel"]
[Result "1/2-1/2"]
[WhiteElo "2341"]
[BlackElo "2322"]
[PlyCount "66"]

1. d4 Nf6 2. c4 c5 3. d5 b5 4. cxb5 a6 5. Nc3 d6 6. e4 g6 7. Nf3 Bg7 8. bxa6
O-O 9. Be2 Bxa6 10. O-O Nbd7 11. h3 Qb6 12. Rb1 Rfb8 13. Re1 Ne8 14. Bd2 Nc7
15. Bxa6 Qxa6 16. a4 c4 17. Be3 Rxb2 18. Rxb2 Bxc3 19. Rc2 Bxe1 20. Qxe1 Ne8
21. Qb4 Qxa4 22. Qxc4 Qxc4 23. Rxc4 Ne5 24. Nxe5 dxe5 25. f4 Ra1+ 26. Kf2 Nd6
27. Rb4 f6 28. fxe5 fxe5 29. Bc5 Ra2+ 30. Kf3 Ra3+ 31. Kf2 Ra2+ 32. Kf3 Ra3+
33. Kf2 Ra2+ 1/2-1/2

[Event "Elit(LASK-Rockaden, Stockholm)"]
[Site "?"]
[Date "2022.05.13"]
[Round "7"]
[White "Jogstad, Martin"]
[Black "Kenneskog, Theodor"]
[Result "1-0"]
[WhiteElo "2349"]
[BlackElo "2346"]
[PlyCount "105"]

1. d4 Nf6 2. c4 e6 3. g3 d5 4. Bg2 dxc4 5. Qa4+ Nbd7 6. Qxc4 c5 7. Nf3 a6 8.
Qc2 b5 9. Ne5 Nd5 10. Nc3 Bb7 11. Nxd5 Nxe5 12. Nf6+ gxf6 13. Bxb7 cxd4 14.
Bc6+ Nxc6 15. Qxc6+ Ke7 16. Bd2 Qd5 17. Bb4+ Kd8 18. Ba5+ Ke7 19. Bb4+ Kd8 20.
Qxd5+ exd5 21. Bxf8 Rxf8 22. Kd2 Rc8 23. Rac1 Kd7 24. Kd3 Rfe8 25. Rhd1 Kd6 26.
Rxc8 Rxc8 27. Rd2 Ke5 28. f4+ Kf5 29. Kxd4 Kg4 30. Ke3 h5 31. Kf2 h4 32. Rxd5
hxg3+ 33. hxg3 Rc2 34. Rd6 a5 35. Rxf6 Rxb2 36. Rxf7 a4 37. a3 Rb3 38. Re7 Kf5
39. Re5+ Kf6 40. e3 Rxa3 41. Rxb5 Ra1 42. Ra5 a3 43. Kf3 a2 44. Ke4 Rg1 45.
Rxa2 Rxg3 46. Ra6+ Ke7 47. f5 Rh3 48. Kf4 Rh4+ 49. Ke5 Rb4 50. Ra7+ Kf8 51. e4
Ke8 52. f6 Kf8 53. Kf5 1-0

[Event "Elit(Limhamn-Vasteras)"]
[Site "?"]
[Date "2022.05.13"]
[Round "7"]
[White "Pantzar, Milton"]
[Black "Johansson, Linus"]
[Result "1-0"]
[WhiteElo "2434"]
[BlackElo "2473"]
[PlyCount "91"]
[SourceDate "2022.05.18"]

1. d4 Nf6 2. c4 e6 3. Nf3 b6 4. a3 Bb7 5. Nc3 d5 6. cxd5 exd5 7. Bg5 Be7 8. e3
O-O 9. Bd3 Nbd7 10. O-O h6 11. Bh4 Ne4 12. Bxe7 Qxe7 13. Rc1 c5 14. dxc5 Ndxc5
15. Nd4 a5 16. Bb1 a4 17. Qh5 Rfd8 18. Rfd1 Rac8 19. Ba2 Nf6 20. Qh4 Kf8 21.
Nf3 Nce4 22. Nxa4 b5 23. Nc3 Nxc3 24. Rxc3 Rxc3 25. bxc3 Ra8 26. Bb1 Rxa3 27.
Qd4 Nd7 28. h3 Nc5 29. Bc2 Ne6 30. Qd3 Qc5 31. Ne5 Bc8 32. Qf5 Ra7 33. Rxd5
Qxc3 34. Rd6 Qc7 35. Rd7 Qxd7 36. Nxd7+ Bxd7 37. Bb3 Ra8 38. Qd5 Ra1+ 39. Kh2
Ke7 40. f4 g6 41. e4 Ra6 42. f5 gxf5 43. exf5 Nd8 44. Qe5+ Kf8 45. f6 Be6 46.
Qc7 1-0

[Event "Elit(Vaxjö-Kungstornet)"]
[Site "?"]
[Date "2022.05.13"]
[Round "7"]
[White "Eriksson, Johan"]
[Black "Solodovnichenko, Yuri"]
[Result "1/2-1/2"]
[WhiteElo "2382"]
[BlackElo "2561"]
[PlyCount "82"]
[SourceDate "2022.05.19"]

1. c4 e6 2. g3 d5 3. Bg2 Nf6 4. Nf3 Be7 5. O-O O-O 6. b3 a5 7. Nc3 Nbd7 8. Bb2
Nb6 9. d3 a4 10. Rb1 Re8 11. Qc2 a3 12. Ba1 Bf8 13. e3 c6 14. e4 Qc7 15. Rfe1
dxc4 16. bxc4 e5 17. Nd1 Na4 18. Ne3 Nc5 19. Rbd1 Ng4 20. Nf1 Nf6 21. Nxe5 Rxe5
22. Bxe5 Qxe5 23. d4 Qh5 24. dxc5 Be6 25. Rd2 Bxc5 26. Red1 Rf8 27. Rd8 Ng4 28.
Rxf8+ Kxf8 29. Rd8+ Ke7 30. Rd2 Bxf2+ 31. Rxf2 Qc5 32. h3 Nxf2 33. Qxf2 Qxc4
34. Qb6 Qb5 35. Qc7+ Ke8 36. e5 Qb4 37. Kh2 Bxa2 38. Qc8+ Ke7 39. Qc7+ Ke8 40.
Qc8+ Ke7 41. Qc7+ Ke8 1/2-1/2

[Event "Elit(Limhamn-Vasteras)"]
[Site "?"]
[Date "2022.05.13"]
[Round "7"]
[White "Brynell, Stellan"]
[Black "Sjodahl, Pontus"]
[Result "1/2-1/2"]
[WhiteElo "2409"]
[BlackElo "2410"]
[PlyCount "114"]

1. d4 Nf6 2. Nf3 d5 3. c4 e6 4. Nc3 Bb4 5. cxd5 exd5 6. Bg5 Qd6 7. Bxf6 Qxf6 8.
Rc1 O-O 9. a3 Bxc3+ 10. Rxc3 c6 11. e3 Bg4 12. Be2 Nd7 13. O-O Bxf3 14. Bxf3
Qd6 15. b4 Nb6 16. Qc2 Nc4 17. e4 b5 18. exd5 cxd5 19. Qf5 Rfd8 20. Re1 g6 21.
Qg5 Kg7 22. g3 a5 23. Rb3 axb4 24. axb4 Qf6 25. Qxf6+ Kxf6 26. Kg2 Rd7 27. Bg4
Rda7 28. Bf3 Rd8 29. h4 h5 30. Rbb1 Ra4 31. Rb3 Nd2 32. Rd3 Nc4 33. Rb3 Ra2 34.
Be2 Rd7 35. g4 hxg4 36. Bxg4 Rc7 37. h5 Nd2 38. Rh3 Kg7 39. hxg6 Ne4 40. Re2
Rxe2 41. Bxe2 fxg6 42. Bxb5 Rb7 43. Bc6 Rxb4 44. Bxd5 Nf6 45. Bf3 Rxd4 46. Rh1
g5 47. Rd1 Rb4 48. Rd6 Kg6 49. Ra6 Kf5 50. Kg3 Rb3 51. Ra5+ Kg6 52. Kg2 Rc3 53.
Rb5 g4 54. Be2 Ra3 55. Re5 Rc3 56. f3 gxf3+ 57. Bxf3 Rc7 1/2-1/2

[Event "Elit(Vaxjö-Kungstornet)"]
[Site "?"]
[Date "2022.05.13"]
[Round "7"]
[White "Golubka, Petro"]
[Black "von Bahr, Oskar"]
[Result "1/2-1/2"]
[WhiteElo "2406"]
[BlackElo "2386"]
[PlyCount "47"]

1. e4 e5 2. Nf3 Nc6 3. Bb5 a6 4. Ba4 Nf6 5. d3 b5 6. Bb3 Be7 7. a4 b4 8. O-O
O-O 9. Bd5 Bd6 10. Bg5 h6 11. Bh4 g5 12. Bg3 Nxd5 13. exd5 Ne7 14. c4 bxc3 15.
Nxc3 Bb7 16. Nxe5 f5 17. f4 Bxe5 18. fxe5 Bxd5 19. b4 Be6 20. Bf2 Nd5 21. Nxd5
Bxd5 22. Bc5 Rf7 23. Qh5 Kh7 24. Rae1 1/2-1/2

[Event "Elit(Limhamn-Vasteras)"]
[Site "?"]
[Date "2022.05.13"]
[Round "7"]
[White "Carlsson, Ludvig"]
[Black "Lindgren, Philip"]
[Result "0-1"]
[WhiteElo "2355"]
[BlackElo "2356"]
[PlyCount "60"]
[SourceDate "2022.05.18"]

1. e4 c6 2. Nf3 d5 3. d3 Qc7 4. exd5 cxd5 5. c4 Nf6 6. Nc3 e6 7. a3 Nc6 8. Nb5
Qb8 9. g3 a6 10. Bf4 e5 11. Nxe5 Nxe5 12. d4 axb5 13. dxe5 g5 14. exf6 gxf4 15.
Qe2+ Be6 16. c5 Qc7 17. b4 f3 18. Qe3 O-O-O 19. Bxb5 Bh6 20. Qxh6 Qe5+ 21. Kd2
Qb2+ 22. Ke3 Qc3+ 23. Bd3 d4+ 24. Kxf3 Qxd3+ 25. Kg2 Bd5+ 26. Kh3 Qf5+ 27. g4
Qf3+ 28. Kh4 Qxf2+ 29. Kh5 Bxh1 30. Qf4 Qxf4 0-1

[Event "Elit(Vaxjö-Kungstornet)"]
[Site "?"]
[Date "2022.05.13"]
[Round "7"]
[White "Lyrberg, Patrik"]
[Black "Hillarp, Tiger"]
[Result "0-1"]
[WhiteElo "2462"]
[BlackElo "2508"]
[PlyCount "108"]

1. d4 Nf6 2. c4 e6 3. Nc3 Bb4 4. e3 O-O 5. Bd3 d5 6. Nge2 dxc4 7. Bxc4 c5 8. a3
cxd4 9. exd4 Bd6 10. Qd3 Nc6 11. Bg5 h6 12. Bh4 Be7 13. Rd1 Qb6 14. b4 Rd8 15.
Bg3 Bd6 16. O-O Bxg3 17. Qxg3 Ne7 18. Qe5 Bd7 19. d5 exd5 20. Bd3 Be6 21. Nd4
Nc6 22. Nxc6 bxc6 23. Na4 Qb8 24. Qd4 a5 25. Nc5 axb4 26. axb4 Nd7 27. f4 Nxc5
28. bxc5 f6 29. Rb1 Qc8 30. Rb6 Re8 31. Bg6 Bf7 32. Bc2 Ra2 33. Qd3 Kf8 34. h3
Qe6 35. Bb1 Re2 36. Kh2 d4 37. Rf3 Re3 38. Qd1 Qd5 39. Rf2 Qxc5 40. Rb7 R3e7
41. Rfb2 Qd6 42. Qf3 Bd5 43. Qg4 Rxb7 44. Rxb7 g5 45. Bg6 Re7 46. Qc8+ Kg7 47.
Rxe7+ Qxe7 48. Bd3 gxf4 49. Qg4+ Kf8 50. Qc8+ Qe8 51. Qc7 f3 52. Qd6+ Qe7 53.
Qb8+ Kf7 54. Bh7 Qe5+ 0-1